1823 1582 1927 1398 1641 1859 1635 1292 1285 1925 1502 1843 1515 1710 1380 1690 1341 1784 1020 1319 1177 1514 1236 1907 1496 1560 1411 1330 1669 1077 1814 1253 1038 1422 1218 1721 1919 1207 1039 1676 1945 1535 1638 1281 1904 1356 1126 1874 1646 1224 1036 1258 1179 1110 1579 1756 1021 1879 1154 1966 1519 1777 1932 1811 1947 1441 1981 1939 1165 1380 1834 1268 1426 1514 1307 1640 1802 1472 1067 1310 1318 1997 1450 1458 1983 1359 1974 1672 1774 1982 1667 1908 1038 1202 1662 1118 1263 1277 1049 BCNSPRNW ULIB Ver.6.0+V

เปลี่ยนเป็นภาษาไทย

Change to English
 แสดงรายละเอียดบรรณานุกรม
  กลับหน้าหลัก

Brief Record : Get Marc (ISO 2709) : E-mail record : QR code < ปิดหน้าต่าง
LEADER : 00000nam 2200000uu 4500
001    13399112417
003     ULIB
008    110627s2553||||th 000 0 tha d
020    9786167030623(ล.1)
090    นว.^bห686ส ล.1 2553
100 0  เหมันต์
245 00 สงครามชีวิต โอชิน เล่ม 1/^cเหมันต์
250    พิมพ์ครั้งที่ 1
260    กรุงเทพฯ :^bอนิเมทกรุ๊ป,^c2553
300    240 หน้า
710 1  อนิเมทกรุ๊ป
945    ^p150^l0^i028030
995    ทศพร
999 ^a ใช้งานได้ทุกระบบ
รายการนี้ยังไม่มีแท็ก
คุณยังไม่ได้ล็อกอิน คุณสามารถมีกิจกรรมร่วมกับเว็บไซต์ได้ แต่ต้องล็อกอินก่อน ::
  ล็อกอิน

รายการสื่อสารสนเทศ

ลำดับที่ ประเภท เลขเรียก/บาร์โค้ด สถานที่ สถานะ
- ไม่พบข้อมูล -

รายการใกล้เคียง
    ผู้แต่ง [เหมันต์]

BibComment


ยังไม่เคยถูกคอมเมนท์

คอมเมนท์ทรัพยากรรายการนี้
  คอมเมนท์: สงครามชีวิต โอชิน..


 Copyright 2026. Bcnsprnw @Library